000 01093nam a2200241Ia 4500
003 Ost
005 20260416102350.0
008 260416s9999||||xx |||||||||||||| ||und||
040 _cfsecg
041 _aara
082 _a343.03
100 _aأولعربي، اسماعيل
_eمؤلف
245 0 _a القانون المصرفي /
_c اسماعيل أولعربي
260 _aالجزائر
_bجامعة الجزائر3: كلية العلوم الإقتصادية، العلوم التجارية وعلوم التسيير
_c2014
300 _a74 ورقة
_bايضاحات
_c30 سم
504 _aمراجع ص.68
520 _aتعريف القانون المصرفي، مراحل تطور النظام المصرفي، التنظيم القانوني المصرفي، العقود المصرفية
653 _aالبنوك
653 _aالتنظيم
653 _aالقانون المالي
710 _aجامعة الجزائر3: كلية العلوم الإقتصادية، العلوم التجارية وعلوم التسيير
_eناشر علمي
942 _cHANDOUT
999 _c40979
_d40979